000 00437nam a2200181 a 4500
005 20260322212056.0
008 data
010 _a56-13282
090 _aQH 331 S66 1957
100 1 _aSinnott, Edmund Ware,
_d1888-
245 1 0 _aMatter, mind and man/
_cEdmund Ware Sinnott.
260 _aNew York
_bHarper
_cc1957
300 _a225 p.
520 _aThe biology of human nature.
650 0 2 _aBiology
650 0 2 _aPhilosophy
001 data
999 _c1348
_d1348